<?xml version="1.0" encoding="UTF-8"?>
<collection xmlns="http://www.loc.gov/MARC21/slim">
 <record>
  <leader>01291nas a2200289   4500</leader>
  <controlfield tag="001">1/50754</controlfield>
  <controlfield tag="008">930920s19--9999gr gnzp       0   g0gre d</controlfield>
  <datafield tag="022" ind1=" " ind2=" ">
   <subfield code="a">0072-7415</subfield>
  </datafield>
  <datafield tag="035" ind1=" " ind2=" ">
   <subfield code="l">2474</subfield>
  </datafield>
  <datafield tag="090" ind1=" " ind2=" ">
   <subfield code="a">Αλφαβητική σειρά</subfield>
  </datafield>
  <datafield tag="245" ind1="0" ind2="0">
   <subfield code="a">Μεταλλεία, λατομεία, αλυκές</subfield>
  </datafield>
  <datafield tag="260" ind1=" " ind2=" ">
   <subfield code="a">Αθήνα :</subfield>
   <subfield code="b">Εθνική Στατιστική Υπηρεσία της Ελλάδος,</subfield>
   <subfield code="c">[19--]-</subfield>
  </datafield>
  <datafield tag="300" ind1=" " ind2=" ">
   <subfield code="a">τ. :</subfield>
   <subfield code="b">εικ.;</subfield>
   <subfield code="c">30 εκ.</subfield>
  </datafield>
  <datafield tag="310" ind1=" " ind2=" ">
   <subfield code="a">Διετές</subfield>
  </datafield>
  <datafield tag="546" ind1=" " ind2=" ">
   <subfield code="a">Ελληνική</subfield>
  </datafield>
  <datafield tag="650" ind1=" " ind2="4">
   <subfield code="a">Ορυχεία και ορυκτά</subfield>
   <subfield code="x">Στατιστική</subfield>
   <subfield code="v">Περιοδικά.</subfield>
  </datafield>
  <datafield tag="780" ind1="0" ind2="0">
   <subfield code="a">Συνεχίζει το &quot;Ετήσια στατιστική έρευνα ορυχείων&quot;</subfield>
  </datafield>
  <datafield tag="785" ind1="1" ind2="0">
   <subfield code="a">Συνεχίζεται από το &quot;Μεταλλεία, λατομεία, αλυκές&quot;</subfield>
  </datafield>
  <datafield tag="856" ind1="4" ind2="1">
   <subfield code="u">http://dlib.statistics.gr/portal/page/portal/ESYE/categoryyears?p_cat=10007998&amp;p_topic=10007998</subfield>
  </datafield>
  <datafield tag="950" ind1=" " ind2=" ">
   <subfield code="c">ΔΩΡΕΑ ΠΕΡΙΟΔΙΚΩΝ</subfield>
   <subfield code="d">905</subfield>
  </datafield>
  <datafield tag="951" ind1=" " ind2=" ">
   <subfield code="a">(2007)</subfield>
   <subfield code="b">Main run</subfield>
  </datafield>
  <datafield tag="951" ind1=" " ind2=" ">
   <subfield code="a">στοιχεία ημερολογιακού έτους 1989  (1991)</subfield>
   <subfield code="b">Main run</subfield>
  </datafield>
  <datafield tag="951" ind1=" " ind2=" ">
   <subfield code="a">(2002)</subfield>
   <subfield code="b">Main run</subfield>
  </datafield>
  <datafield tag="951" ind1=" " ind2=" ">
   <subfield code="a">(2003)</subfield>
   <subfield code="b">Main run</subfield>
  </datafield>
  <datafield tag="951" ind1=" " ind2=" ">
   <subfield code="a">(2004)</subfield>
   <subfield code="b">Main run</subfield>
  </datafield>
  <datafield tag="951" ind1=" " ind2=" ">
   <subfield code="a">(2005)</subfield>
   <subfield code="b">Main run</subfield>
  </datafield>
  <datafield tag="951" ind1=" " ind2=" ">
   <subfield code="a">(2006)</subfield>
   <subfield code="b">Main run</subfield>
  </datafield>
 </record>
</collection>
